Exploring Life Through Science 10 / (Record no. 5412)

MARC details
000 -LEADER
fixed length control field 01057nam a22002777a 4500
003 - CONTROL NUMBER IDENTIFIER
control field OSt
005 - DATE AND TIME OF LATEST TRANSACTION
control field 20251103064208.0
008 - FIXED-LENGTH DATA ELEMENTS--GENERAL INFORMATION
fixed length control field 251103b |||||||| |||| 00| 0 eng d
020 ## - INTERNATIONAL STANDARD BOOK NUMBER
International Standard Book Number 978-971-06-5923-4
040 ## - CATALOGING SOURCE
Original cataloging agency DWCL - Main Lib
Transcribing agency OC
082 ## - DEWEY DECIMAL CLASSIFICATION NUMBER
Classification number Res. 500 Ex96 2023
100 ## - MAIN ENTRY--PERSONAL NAME
Personal name Ferriols-Pavico, Josefina Ma. [and five others]
245 ## - TITLE STATEMENT
Title Exploring Life Through Science 10 /
Statement of responsibility, etc. Josefina Ma. Ferriols-Pavico [and five others]
250 ## - EDITION STATEMENT
Edition statement Updated and Revised Edition
260 ## - PUBLICATION, DISTRIBUTION, ETC.
Place of publication, distribution, etc. Quezon City, Philippines ;
Name of publisher, distributor, etc. Phoenix Publishing House,
Date of publication, distribution, etc. c2023.
300 ## - PHYSICAL DESCRIPTION
Extent x, 312 pages :
Other physical details illustrations ;
Dimensions 25cm.
504 ## - BIBLIOGRAPHY, ETC. NOTE
Bibliography, etc. note Includes bibliographical references and index.
650 ## - SUBJECT ADDED ENTRY--TOPICAL TERM
Topical term or geographic name entry element 1. Science and Technology - Study and Teaching
700 ## - ADDED ENTRY--PERSONAL NAME
Personal name I. Josefina Ma. Ferriols-Pavico
700 ## - ADDED ENTRY--PERSONAL NAME
Personal name II. John Donnie A. Ramos
700 ## - ADDED ENTRY--PERSONAL NAME
Personal name III. Genevieve Darvin-Faraon
700 ## - ADDED ENTRY--PERSONAL NAME
Personal name IV. Anna Cherylle Morales-Ramos
700 ## - ADDED ENTRY--PERSONAL NAME
Personal name V. Aristea V. Bayquen
700 ## - ADDED ENTRY--PERSONAL NAME
Personal name VI. Angelina A. Silverio
942 ## - ADDED ENTRY ELEMENTS (KOHA)
Source of classification or shelving scheme Dewey Decimal Classification
Koha item type Book- Reserved
Edition Updated and Revised Edition
Call number suffix Res.
Suppress in OPAC No
952 ## - LOCATION AND ITEM INFORMATION (KOHA)
--
952 ## - LOCATION AND ITEM INFORMATION (KOHA)
--
Holdings
Withdrawn status Lost status Source of classification or shelving scheme Damaged status Not for loan Home library Current library Shelving location Date acquired Source of acquisition Cost, normal purchase price Total Checkouts Full call number Barcode Date last seen Copy number Cost, replacement price Price effective from Koha item type Uniform Resource Identifier
    Dewey Decimal Classification     Junior High School Library Junior High School Library Reserved 08/14/2023 School Fund 312.00   Res. 500 Ex96 2023 JHS - 21191 11/03/2025 c2 312.00 11/03/2025 BK-0 CIRC
    Dewey Decimal Classification     Junior High School Library Junior High School Library Reserved 08/14/2023 School Fund 312.00   Res. 500 Ex96 2023 JHS - 21190 11/03/2025 c1 312.00 11/03/2025 BK-0 CIRC